Turbulence (Record no. 5373)

000 -LEADER
fixed length control field 00511nam a2200205 i 4500
001 - CONTROL NUMBER
control field 5373
003 - CONTROL NUMBER IDENTIFIER
control field BD-DhUET
008 - FIXED-LENGTH DATA ELEMENTS--GENERAL INFORMATION
fixed length control field 750220s1975 nyua b 001 0 eng
020 ## - INTERNATIONAL STANDARD BOOK NUMBER
International Standard Book Number 0070290377
040 ## - CATALOGING SOURCE
Original cataloging agency DLC
Transcribing agency DLC
Modifying agency BD-DhUET
082 00 - DEWEY DECIMAL CLASSIFICATION NUMBER
Classification number 532.56
Item number HIN/1975
100 1# - MAIN ENTRY--PERSONAL NAME
Personal name Hinze, J. O.
245 00 - TITLE STATEMENT
Title Turbulence
250 ## - EDITION STATEMENT
Edition statement 2nd ed.
260 ## - PUBLICATION, DISTRIBUTION, ETC. (IMPRINT)
Place of publication, distribution, etc. New York
Name of publisher, distributor, etc. McGraw-Hill
Date of publication, distribution, etc. 1975
300 ## - PHYSICAL DESCRIPTION
Extent x,790p.
Other physical details ill.
Dimensions 24 cm.
490 0# - SERIES STATEMENT
Series statement McGraw-Hill series in mechanical engineering
650 #0 - SUBJECT ADDED ENTRY--TOPICAL TERM
Topical term or geographic name as entry element Turbulence
942 ## - ADDED ENTRY ELEMENTS (KOHA)
Koha item type General Book
Holdings
Not for loan Koha normalized classification for sorting Piece designation (barcode) Date acquired Koha issues (times borrowed) Shelving location Copy number Lost status Koha full call number Koha date last seen Sublocation or collection (holding branch) Location (home branch) Price effective from Koha date last borrowed Damaged status Withdrawn status Source of classification or shelving scheme Koha item type
 532_560000000000000_HIN_1975638132014-11-26 Circulation section1 532.56/HIN/19752014-11-26Central Library, BUETCentral Library, BUET2014-11-26    General Book
 532_560000000000000_HIN_1975638162014-11-26 Circulation section2 532.56/HIN/19752014-11-26Central Library, BUETCentral Library, BUET2014-11-26    General Book
 532_560000000000000_HIN_1975443342014-12-07 Circulation section3 532.56/HIN/19752014-12-07Central Library, BUETCentral Library, BUET2014-12-07    General Book
 532_560000000000000_HIN_1975638072014-12-07 Circulation section4 532.56/HIN/19752014-12-07Central Library, BUETCentral Library, BUET2014-12-07    General Book
 532_560000000000000_HIN_1975638122014-12-071Circulation section5 532.56/HIN/19752015-03-29Central Library, BUETCentral Library, BUET2014-12-072015-03-25   General Book
 532_560000000000000_HIN_1975638052014-12-07 Circulation section6 532.56/HIN/19752014-12-07Central Library, BUETCentral Library, BUET2014-12-07    General Book
 532_560000000000000_HIN_1975638102014-12-07 Circulation section7 532.56/HIN/19752014-12-07Central Library, BUETCentral Library, BUET2014-12-07    General Book
 532_560000000000000_HIN_1975638082014-12-07 Circulation section8 532.56/HIN/19752014-12-07Central Library, BUETCentral Library, BUET2014-12-07    General Book
 532_560000000000000_HIN_1975638092014-12-07 Circulation section9 532.56/HIN/19752014-12-07Central Library, BUETCentral Library, BUET2014-12-07    General Book
 532_560000000000000_HIN_1975638062014-12-071Circulation section10 532.56/HIN/19752023-02-28Central Library, BUETCentral Library, BUET2014-12-072022-11-14   General Book
 532_560000000000000_HIN_1975638152014-12-071Circulation section11 532.56/HIN/19752015-09-14Central Library, BUETCentral Library, BUET2014-12-072015-05-26   General Book
 532_560000000000000_HIN_1975391582015-03-09 Circulation section12 532.56/HIN/19752015-03-09Central Library, BUETCentral Library, BUET2015-03-09    General Book
 532_560000000000000_HIN_1975589682015-06-07 Reading section13 532.56/HIN/19752015-06-07Central Library, BUETCentral Library, BUET2015-06-07    Reading Item
 532_560000000000000_HIN_1975606532015-06-07 Reading section14 532.56/HIN/19752015-06-07Central Library, BUETCentral Library, BUET2015-06-07    Reading Item
 532_560000000000000_HIN_1975527292015-06-23 Reading section15 532.56/HIN/19752015-06-23Central Library, BUETCentral Library, BUET2015-06-23    Reading Item
 532_560000000000000_HIN_1975638111985-06-291Circulation section16 532.56 HIN/19752024-11-27Central Library, BUETCentral Library, BUET2024-11-162024-11-27   General Book
 532_560000000000000_HIN_1975 2024-11-16    532.56 HIN/19752024-11-16Central Library, BUETCentral Library, BUET2024-11-16    General Book
 532_560000000000000_HIN_1975391592025-09-03 Circulation section18 532.56 HIN/19752024-11-16Central Library, BUETCentral Library, BUET2024-11-16    General Book